[Event "LIB-ch 37th"]
[Site "Beirut"]
[Date "2011.09.08"]
[Round "4"]
[White "Khairallah, Faisal"]
[Black "Daniel, Kobeissi"]
[Result "1-0"]
[WhiteElo "2283"]
[BlackElo "2024"]
[PlyCount "87"]
[EventDate "2011.09.05"]
[EventType "swiss"]
[EventRounds "9"]
[EventCountry "LBN"]
[SourceTitle "CBM 144 Extra"]
[Source "ChessBase"]
[SourceDate "2011.10.28"]
[SourceVersion "1"]
[SourceVersionDate "2011.10.28"]
[SourceQuality "1"]

1. e4 c5 2. Nc3 e6 3. g3 d6 4. Bg2 Nc6 5. Nge2 g6 6. d4 cxd4 7. Nxd4 a6 8. 0-0 Bg7 9. Be3 Nge7 10. a4 0-0 11. Nb3 Ne5 12. Qe2 Qc7 13. Nd2 N7c6 14. f4 Nd7 15. Qc4 Nb6 16. Qe2 Na5 17. e5 dxe5 18. fxe5 Nbc4 19. Nxc4 Nxc4 20. Bf4 Nxe5 21. Rae1 Qc5+ 22. Kh1 Nc6 23. Ne4 Qd4 24. c3 Qxa4 25. Bg5 Qb5 26. Qd2 f5 27. Nd6 Qb6 28. Nxc8 Raxc8 29. Rxe6 Rce8 30. Rfe1 Rxe6 31. Rxe6 Qc7 32. Bf4 Rd8 33. Bd5 Rxd5 34. Qxd5 Qf7 35. Kg1 h6 36. h4 Kh7 37. Rd6 Qc7 38. Qe6 Qb6+ 39. Be3 Qxb2 40. Qxg6+ Kh8 41. Re6 Qb1+ 42. Kh2 Qc2+ 43. Kh3 Qh2+ 44. Kxh2 1-0

[Event "LIB-ch 37th"]
[Site "Beirut"]
[Date "2011.09.06"]
[Round "2"]
[White "Sharbel, Marwan"]
[Black "Daniel, Kobeissi"]
[Result "0-1"]
[WhiteElo "2028"]
[BlackElo "2024"]
[PlyCount "102"]
[EventDate "2011.09.05"]
[EventType "swiss"]
[EventRounds "9"]
[EventCountry "LBN"]
[SourceTitle "CBM 144 Extra"]
[Source "ChessBase"]
[SourceDate "2011.10.28"]
[SourceVersion "1"]
[SourceVersionDate "2011.10.28"]
[SourceQuality "1"]

1. e4 c5 2. Nc3 Nc6 3. f4 d6 4. Nf3 g6 5. Bc4 Bg7 6. 0-0 Nf6 7. d3 0-0 8. a3 Bd7 9. Qe1 a6 10. e5 Ng4 11. e6 fxe6 12. Bxe6+ Kh8 13. Ng5 Nh6 14. Bxd7 Qxd7 15. Ne6 Rf6 16. Nxg7 Kxg7 17. Nd5 Re6 18. Qc3+ Nd4 19. Nb6 Qc6 20. Nxa8 Kf8 21. Qa5 Nxc2 22. f5 Nxf5 23. Bh6+ Kf7 24. Rac1 Re2 25. Rf2 Rxf2 26. Kxf2 Ncd4 27. Qc7 Qb5 28. Qb6 Qxd3 29. Bf4 Qe2+ 30. Kg1 Qe4 31. Rf1 Ne2+ 32. Kh1 Nxf4 33. Qb3+ Kg7 34. Qf3 Qxf3 35. Rxf3 Nd5 36. g4 Nd4 37. Rd3 e5 38. Kg1 e4 39. Rd1 e3 40. Kg2 e2 41. Re1 Nf4+ 42. Kg1 Nd3 43. Rxe2 Nxe2+ 44. Kf1 Nef4 45. b3 Nd5 46. Kg2 Nc1 47. Kf3 Nxb3 48. Ke4 c4 49. Kxd5 c3 50. Nc7 c2 51. Ne6+ Kg8 0-1